000 00582nam a22002297a 4500
003 UA-OsUOA
001 95451
007 ta
008 20130228b un ||||| |||| 00| 0 ukr d
100 _aКльонович С.
090 _a821.124
_bК48
942 _cBK
040 _aUA-OsUOA
_bukr
_cUA-OsUOA
_dUA-OsUOA
245 _aРовсоланія
_bпоема
300 _a94 с.
955 _a3
041 _aukr
080 _a821.124
260 _aК.
_bДніпро
_c1987
650 7 _a82 Література. Літературознавство
_2UDC
999 _c381701
_d381701